000 01211nam0a2200337 4500
001 RU\NLR\bibl\1757705
005 20260405055354.0
010 _a978-5-7516-0940-5
_bТекст
010 _a978-5-9953-0107-3
_95000
_bКнижники
021 _aRU
_b2011-19196
_91358
035 _a(NLR Aleph) 001748533
090 _a1504125
_c1504125
100 _a20110412d2011 |||y0rusy50 ca
101 1 _arus
_cheb
102 _aRU
105 _ay |||||||||
200 1 _aРассказы о Бааль-Шем-Тове
_fШмуэль-Йосеф Агнон
_gпер. с иврита С. Гойзмана
210 _aМосква
_cТекст
_cКнижники
_d2011
215 _a604, [2] c.
_d17
225 1 _aПроза еврейской жизни
320 _aБиблиогр. в примеч.: с. 501-552
320 _aИмен. указ.: с. 578-588
320 _aУказ. геогр. назв.: 589-596
686 _aШ6(5И)07-4{Лх2070}
700 1 _4070
_8rus
_7ca
_aАгнон
_bШ. Й.
_f1888-1970
_gШмуэль Йосеф
_3RU\NLR\auth\7718906
_91982
801 0 _aRU
_bNLR
_c20110412
_gRCR
801 1 _aRU
_bNLR
_c20110412
942 _cBOOK
980 _aNB
980 _aNBR